Проблематика комедії Оскара Уайльда "Ідеальний чоловік" (Запис № 284036)

МАРК-запис
000 -LEADER
fixed length control field 01038nam a22001577a 4500
041 ## - LANGUAGE CODE
Language code of text/sound track or separate title ukr
080 ## - UNIVERSAL DECIMAL CLASSIFICATION NUMBER
Universal Decimal Classification number 09
090 ## - LOCALLY ASSIGNED LC-TYPE CALL NUMBER (OCLC); LOCAL CALL NUMBER (OCLC)
Local cutter number (OCLC) ; Book number/undivided call number, CALL (RLIN) МАТ
100 ## - MAIN ENTRY--PERSONAL NAME
Personal name Матвійчук Т. С.
245 ## - TITLE STATEMENT
Title Проблематика комедії Оскара Уайльда "Ідеальний чоловік"
260 ## - PUBLICATION, DISTRIBUTION, ETC. (IMPRINT)
Place of publication, distribution, etc Острог
Name of publisher, distributor, etc КАФ
Date of publication, distribution, etc 2007
300 ## - PHYSICAL DESCRIPTION
Extent 52
520 ## - SUMMARY, ETC.
Summary, etc Вступ<br/>Розділ 1. Основні аспекти творчості О.Уайльда.<br/>1.1. Модерн та естетизм творчості Оскара Уальда.<br/>1.2.Драматургія Оскара Уальда та її значення.<br/>Розділ 2. Особливості проблематики пєси О.Уайльда "Ідеальний чоловік".<br/>2.1. Сюжет і персонажі комедії "Ідеальний чоловік".<br/>2.2. Аналіз головних проблем комедії.<br/>Висновки.
-- Уайльд, Ідеальний чоловік, модерн
650 ## - SUBJECT ADDED ENTRY--TOPICAL TERM
Topical term or geographic name as entry element Research Papers
942 ## - ADDED ENTRY ELEMENTS (KOHA)
Koha item type Книги
Фонди
Withdrawn status Lost status Source of classification or shelving scheme Damaged status Not for loan Home library Current library Date acquired Source of acquisition Cost, normal purchase price Total Checkouts Full call number Barcode Date last seen Price effective from Koha item type
    Universal Decimal Classification     ВІЛ - Відділ іноземн. літератури НБ ВІЛ - Відділ іноземн. літератури НБ 17/04/2009 Акт №2 1.00   09 213599 15/12/2021 17/04/2009 Книги